[Event "Arandjelovac ASK-14 GM"]
[Site "Arandjelovac"]
[Date "2023.12.11"]
[Round "1"]
[White "Ilincic, Zlatko"]
[Black "Orujov, Farid"]
[Result "1-0"]
[WhiteElo "2302"]
[BlackElo "2226"]
[PlyCount "69"]
[EventDate "2023.12.11"]
[EventType "tourn"]
[EventRounds "9"]
[EventCountry "SRB"]
[EventCategory "6"]
[SourceTitle "CB51_2023"]
[SourceDate "2023.12.20"]
[SourceVersion "1"]
[SourceVersionDate "2023.12.20"]
[SourceQuality "1"]

1. d4 d5 2. Nf3 Nf6 3. e3 c5 4. dxc5 e6 5. c4 Bxc5 6. cxd5 exd5 7. Bb5+ Bd7 8. Bxd7+ Qxd7 9. 0-0 0-0 10. b3 Nc6 11. Bb2 Ne4 12. Nc3 Rad8 13. Rc1 Qe6 14. Nb5 Nxf2 15. Rxf2 Bxe3 16. Nbd4 Nxd4 17. Bxd4 Bxf2+ 18. Bxf2 Rc8 19. Nd4 Qe4 20. h3 a6 21. a4 f5 22. Qd2 Rxc1+ 23. Qxc1 h6 24. Qc7 Rf7 25. Qc8+ Kh7 26. Ne6 Qb4 27. Nc5 b6 28. Qe8 Rc7 29. Nd7 Rc1+ 30. Kh2 Qe4 31. Nf8+ Kg8 32. Ne6+ Kh7 33. Qf7 Qe5+ 34. g3 Rc2 35. Nf8+ 1-0

[Event "Titled Tuesday intern op 19th Sep Early"]
[Site "Chess.com INT"]
[Date "2023.09.19"]
[Round "2"]
[White "Orujov, Farid"]
[Black "Player, Edmund C"]
[Result "0-1"]
[WhiteElo "2226"]
[BlackElo "2199"]
[PlyCount "124"]
[EventDate "2023.09.19"]
[EventType "swiss (blitz)"]
[EventRounds "11"]
[EventCountry "USA"]
[SourceTitle "EXT 2024"]
[Source "ChessBase"]
[SourceDate "2023.10.10"]
[SourceVersion "1"]
[SourceVersionDate "2023.10.10"]
[SourceQuality "1"]

1. e4 e5 2. Nf3 Nc6 3. Bb5 a6 4. Ba4 Nf6 5. d4 b5 6. Bb3 Nxe4 7. 0-0 d5 8. dxe5 Be6 9. Nbd2 Nc5 10. c3 Nxb3 11. Nxb3 Be7 12. Nfd4 Nxe5 13. Re1 Ng6 14. Nxe6 fxe6 15. Nd4 e5 16. Ne6 Qd7 17. Nxg7+ Kf7 18. Nh5 Qf5 19. Qxd5+ Qe6 20. Qxe6+ Kxe6 21. Nf4+ Kf5 22. Nxg6 hxg6 23. Be3 Rad8 24. Rad1 c5 25. h3 c4 26. Kf1 g5 27. Ke2 e4 28. Rxd8 Rxd8 29. Rd1 Rd3 30. Rh1 Bf6 31. g4+ Kg6 32. h4 gxh4 33. Rg1 Bg5 34. Bxg5 Kxg5 35. Rg2 h3 36. Rg1 h2 37. Rh1 Rh3 38. Kf1 Kxg4 39. Kg2 e3 40. fxe3 Rxe3 41. Rf1 Re2+ 42. Kh1 Rxb2 43. Rf8 Kg3 44. Rg8+ Kf4 45. Rf8+ Ke3 46. Ra8 Rxa2 47. Rd8 Ra3 48. Rd7 Rxc3 49. Re7+ Kd3 50. Rd7+ Kc2 51. Ra7 b4 52. Rxa6 b3 53. Rb6 b2 54. Kxh2 b1Q 55. Rxb1 Kxb1 56. Kg2 Kc2 57. Kf2 Kd3 58. Ke1 Rb3 59. Kf2 Rb2+ 60. Kg3 c3 61. Kg4 c2 62. Kf3 c1Q 0-1

[Event "Titled Tuesday intern op 19th Sep Early"]
[Site "Chess.com INT"]
[Date "2023.09.19"]
[Round "3"]
[White "Shuvalov, Evgenij"]
[Black "Orujov, Farid"]
[Result "1-0"]
[WhiteElo "2073"]
[BlackElo "2226"]
[PlyCount "69"]
[EventDate "2023.09.19"]
[EventType "swiss (blitz)"]
[EventRounds "11"]
[EventCountry "USA"]
[SourceTitle "EXT 2024"]
[Source "ChessBase"]
[SourceDate "2023.10.10"]
[SourceVersion "1"]
[SourceVersionDate "2023.10.10"]
[SourceQuality "1"]

1. d4 Nf6 2. c4 e6 3. Nc3 Bb4 4. e3 0-0 5. a3 Bxc3+ 6. bxc3 d5 7. cxd5 exd5 8. Bd3 b6 9. f3 c5 10. Ne2 Ba6 11. 0-0 Bxd3 12. Qxd3 Nc6 13. Ng3 Re8 14. Bb2 h5 15. Rae1 h4 16. Nf5 cxd4 17. cxd4 Nh5 18. Bc1 g6 19. Nh6+ Kg7 20. Ng4 f5 21. Ne5 Nxe5 22. dxe5 Qd7 23. Bb2 Kh7 24. Rd1 Rad8 25. Qd4 Ng7 26. Qxh4+ Kg8 27. e4 Qe6 28. exd5 Rxd5 29. Qf6 Rxd1 30. Rxd1 a5 31. Rd6 Qa2 32. e6 Qb1+ 33. Kf2 Qc2+ 34. Ke1 Qb1+ 35. Kd2 1-0

[Event "Titled Tuesday intern op 06th Jun Early"]
[Site "Chess.com INT"]
[Date "2023.06.06"]
[Round "10"]
[White "Fiorito, Joaquin"]
[Black "Orujov, Farid"]
[Result "1-0"]
[WhiteElo "2409"]
[BlackElo "2242"]
[PlyCount "53"]
[EventDate "2023.06.06"]
[EventType "swiss (blitz)"]
[EventRounds "11"]
[EventCountry "USA"]
[SourceTitle "EXT 2024"]
[Source "ChessBase"]
[SourceDate "2023.10.10"]
[SourceVersion "1"]
[SourceVersionDate "2023.10.10"]
[SourceQuality "1"]

1. d4 Nf6 2. c4 e6 3. Nc3 Bb4 4. e3 0-0 5. Bd2 d5 6. Nf3 c5 7. a3 Ba5 8. dxc5 Nbd7 9. b4 Bc7 10. Be2 Ne5 11. Nxe5 Bxe5 12. 0-0 d4 13. exd4 Bxd4 14. Qc2 e5 15. Rad1 Be6 16. Nb5 Qe7 17. Bf3 Rfd8 18. Rfe1 Rac8 19. Nxa7 Ra8 20. Nb5 g6 21. Bg5 Rac8 22. Qc1 b6 23. Nxd4 exd4 24. Qf4 Kg7 25. cxb6 Rxc4 26. b7 d3 27. Qxc4 1-0

[Event "Titled Tuesday intern op 06th Jun Early"]
[Site "Chess.com INT"]
[Date "2023.06.06"]
[Round "7"]
[White "Orujov, Farid"]
[Black "Ibadov, Dashgyn"]
[Result "1-0"]
[WhiteElo "2242"]
[BlackElo "2391"]
[PlyCount "89"]
[EventDate "2023.06.06"]
[EventType "swiss (blitz)"]
[EventRounds "11"]
[EventCountry "USA"]
[SourceTitle "EXT 2024"]
[Source "ChessBase"]
[SourceDate "2023.10.10"]
[SourceVersion "1"]
[SourceVersionDate "2023.10.10"]
[SourceQuality "1"]

1. e4 e5 2. Nf3 Nc6 3. Bb5 a6 4. Ba4 Nf6 5. d4 exd4 6. 0-0 Be7 7. e5 Ne4 8. Nxd4 Nc5 9. Nf5 Ne6 10. Qg4 0-0 11. Bxc6 dxc6 12. Rd1 Qe8 13. Bh6 g6 14. Nxe7+ Qxe7 15. Bxf8 Nxf8 16. Qg3 Bf5 17. c3 Nd7 18. Re1 Nc5 19. Nd2 Nd3 20. Re3 Nxb2 21. Ne4 Bxe4 22. Rxe4 Rd8 23. Rd4 Rxd4 24. cxd4 Nc4 25. h3 Qe6 26. f4 Qd5 27. Rd1 c5 28. Qf3 Qxf3 29. gxf3 Ne3 30. Rc1 cxd4 31. Rxc7 d3 32. Rd7 Kf8 33. Rxd3 Nc4 34. Rd7 b5 35. Ra7 a5 36. Rb7 b4 37. Rb5 Ke7 38. Rc5 Nd2 39. Rxa5 Nxf3+ 40. Kf2 Nd4 41. Ra7+ Ke6 42. Rb7 Nc6 43. Ke3 Kd5 44. Rxf7 h5 45. Rg7 1-0

[Event "Titled Tuesday intern op 06th Jun Early"]
[Site "Chess.com INT"]
[Date "2023.06.06"]
[Round "3"]
[White "Orujov, Farid"]
[Black "Kevlishvili, Robby"]
[Result "0-1"]
[WhiteElo "2242"]
[BlackElo "2539"]
[PlyCount "64"]
[EventDate "2023.06.06"]
[EventType "swiss (blitz)"]
[EventRounds "11"]
[EventCountry "USA"]
[SourceTitle "EXT 2024"]
[Source "ChessBase"]
[SourceDate "2023.10.10"]
[SourceVersion "1"]
[SourceVersionDate "2023.10.10"]
[SourceQuality "1"]

1. e4 b6 2. d4 Bb7 3. Nc3 e6 4. Bd3 Bb4 5. Nge2 Nf6 6. 0-0 d5 7. exd5 Nxd5 8. Nxd5 Qxd5 9. f3 Nc6 10. c3 Be7 11. Bf4 0-0-0 12. a4 g5 13. Be3 f5 14. b4 a5 15. b5 Ne5 16. Rc1 Nc4 17. Bxc4 Qxc4 18. Qc2 h5 19. Rfd1 f4 20. Bf2 g4 21. Nxf4 Rhg8 22. Qd3 Qxd3 23. Rxd3 gxf3 24. g3 Bg5 25. Be3 Be4 26. Rd2 h4 27. Kf2 hxg3+ 28. hxg3 Rh8 29. Kg1 Bxf4 30. Bxf4 Rh1+ 31. Kxh1 f2+ 32. Kh2 Rh8+ 0-1

[Event "Titled Tuesday intern op 06th Jun Early"]
[Site "Chess.com INT"]
[Date "2023.06.06"]
[Round "6"]
[White "Orujov, Farid"]
[Black "Todorovic, Bojan"]
[Result "1-0"]
[WhiteElo "2242"]
[BlackElo "2195"]
[PlyCount "63"]
[EventDate "2023.06.06"]
[EventType "swiss (blitz)"]
[EventRounds "11"]
[EventCountry "USA"]
[SourceTitle "EXT 2024"]
[Source "ChessBase"]
[SourceDate "2023.10.10"]
[SourceVersion "1"]
[SourceVersionDate "2023.10.10"]
[SourceQuality "1"]

1. e4 g6 2. d4 Bg7 3. Nc3 d6 4. Nf3 a6 5. Be3 Nd7 6. h4 Ngf6 7. Bd3 e5 8. d5 Nc5 9. Qd2 0-0 10. 0-0-0 Nxd3+ 11. Qxd3 Bg4 12. Qd2 Bxf3 13. gxf3 Nh5 14. Bh6 Bxh6 15. Qxh6 Qf6 16. Qe3 Qf4 17. Ne2 Qxe3+ 18. fxe3 f5 19. exf5 Rxf5 20. Rdf1 Raf8 21. Rh3 Nf6 22. Ng3 Nxd5 23. Nxf5 gxf5 24. Rg3+ Kh8 25. f4 e4 26. Rfg1 Nf6 27. Rg7 Rg8 28. Rxg8+ Nxg8 29. Kd2 h6 30. Rg6 Kh7 31. Re6 Kg7 32. Re8 1-0

[Event "Titled Tuesday intern op 16th May Early"]
[Site "Chess.com INT"]
[Date "2023.05.16"]
[Round "2"]
[White "Begmuratov, Alisher"]
[Black "Orujov, Farid"]
[Result "1-0"]
[WhiteElo "2395"]
[BlackElo "2225"]
[PlyCount "71"]
[EventDate "2023.05.16"]
[EventType "swiss (blitz)"]
[EventRounds "11"]
[EventCountry "USA"]
[SourceTitle "CBM 214 Extra"]
[Source "ChessBase"]
[SourceDate "2023.07.31"]
[SourceVersion "1"]
[SourceVersionDate "2023.07.31"]
[SourceQuality "1"]

1. d4 Nf6 2. Nf3 e6 3. Bf4 d5 4. e3 Bd6 5. Bg3 0-0 6. Nbd2 c5 7. c3 Nc6 8. Bb5 a6 9. Bxc6 bxc6 10. Qa4 Bxg3 11. hxg3 Qb6 12. Qb3 Qc7 13. Ne5 a5 14. Qc2 h6 15. g4 Ba6 16. Nb3 Ne4 17. f3 f6 18. fxe4 fxe5 19. 0-0-0 exd4 20. cxd4 cxd4 21. exd4 Bc4 22. Nc5 Qf4+ 23. Kb1 Qxg4 24. b3 Bb5 25. e5 a4 26. b4 a3 27. Rd2 Bc4 28. Nd7 Rf7 29. Nb6 Rb8 30. Nxc4 Rxb4+ 31. Ka1 Rxc4 32. Qd3 Rb7 33. Rf1 Rcb4 34. Qxa3 Rxd4 35. Qf8+ Kh7 36. Qf2 1-0

[Event "Baku op"]
[Site "Baku"]
[Date "2023.05.12"]
[Round "9"]
[White "Guliev, Sarhan"]
[Black "Orujov, Farid"]
[Result "1/2-1/2"]
[WhiteElo "2308"]
[BlackElo "2225"]
[PlyCount "84"]
[EventDate "2023.05.04"]
[EventType "swiss"]
[EventRounds "9"]
[EventCountry "AZE"]
[SourceTitle "CBM 214 Extra"]
[Source "ChessBase"]
[SourceDate "2023.07.31"]
[SourceVersion "1"]
[SourceVersionDate "2023.07.31"]
[SourceQuality "1"]

1. d4 Nf6 2. c4 e6 3. Nc3 Bb4 4. e3 0-0 5. Bd3 d5 6. Nf3 dxc4 7. Bxc4 c5 8. 0-0 Nc6 9. a3 Bxc3 10. bxc3 Qc7 11. Qe2 e5 12. dxe5 Nxe5 13. Nxe5 Qxe5 14. f3 Be6 15. Bxe6 Qxe6 16. c4 Nd7 17. Rb1 Nb6 18. e4 Nxc4 19. Rxb7 Rfb8 20. Rxb8+ Rxb8 21. f4 Nd6 22. e5 Nf5 23. Be3 Qd5 24. Bf2 Nd4 25. Bxd4 Qxd4+ 26. Qf2 Qc3 27. Qf3 Qd4+ 28. Qf2 Qxf2+ 29. Kxf2 Rb2+ 30. Kf3 Rb3+ 31. Ke4 Rxa3 32. Rc1 Ra5 33. f5 Kf8 34. Rb1 Ra2 35. g4 Ra4+ 36. Kd5 Rxg4 37. Rb8+ Ke7 38. Rb7+ Ke8 39. Kxc5 Rf4 40. Rxa7 Rf2 41. h4 Rc2+ 42. Kd5 Rd2+ 1/2-1/2

[Event "Baku op"]
[Site "Baku"]
[Date "2023.05.10"]
[Round "7"]
[White "Doshi, Moksh Amitbhai"]
[Black "Orujov, Farid"]
[Result "1-0"]
[WhiteElo "2397"]
[BlackElo "2225"]
[PlyCount "55"]
[EventDate "2023.05.04"]
[EventType "swiss"]
[EventRounds "9"]
[EventCountry "AZE"]
[SourceTitle "CBM 214 Extra"]
[Source "ChessBase"]
[SourceDate "2023.07.31"]
[SourceVersion "1"]
[SourceVersionDate "2023.07.31"]
[SourceQuality "1"]

1. d4 Nf6 2. c4 e6 3. Nf3 d5 4. Nc3 Be7 5. Bf4 0-0 6. e3 Nbd7 7. Be2 dxc4 8. 0-0 a6 9. a4 c5 10. dxc5 Bxc5 11. Bxc4 b6 12. Qe2 Bb7 13. Rfd1 Qe7 14. e4 h6 15. e5 Ng4 16. Bg3 Rae8 17. Bxa6 Bxa6 18. Qxa6 f6 19. exf6 Ngxf6 20. Qe2 e5 21. Ne4 Nh5 22. Nxc5 bxc5 23. Qc4+ Kh8 24. Nh4 Rf6 25. Qg4 Nxg3 26. Rxd7 Ne2+ 27. Kh1 Qf8 28. Qxe2 1-0

[Event "Baku op"]
[Site "Baku"]
[Date "2023.05.09"]
[Round "6"]
[White "Orujov, Farid"]
[Black "Mammadova, Gulnar Marfat Qizi"]
[Result "1/2-1/2"]
[WhiteElo "2225"]
[BlackElo "2349"]
[PlyCount "38"]
[EventDate "2023.05.04"]
[EventType "swiss"]
[EventRounds "9"]
[EventCountry "AZE"]
[SourceTitle "CBM 214 Extra"]
[Source "ChessBase"]
[SourceDate "2023.07.31"]
[SourceVersion "1"]
[SourceVersionDate "2023.07.31"]
[SourceQuality "1"]

1. e4 e5 2. Nf3 Nc6 3. Bb5 a6 4. Ba4 Nf6 5. d4 exd4 6. 0-0 Be7 7. e5 Ne4 8. Nxd4 0-0 9. Nf5 d5 10. Nxe7+ Nxe7 11. c3 Nc5 12. Bc2 Bf5 13. Na3 Ne6 14. Bxf5 Nxf5 15. Qd3 g6 16. Nc2 c6 17. Ne3 Nxe3 18. Bxe3 f6 19. exf6 Qxf6 1/2-1/2

[Event "Titled Tuesday intern op 25th Apr Early"]
[Site "Chess.com INT"]
[Date "2023.04.25"]
[Round "8"]
[White "Kuchava, Ana"]
[Black "Orujov, Farid"]
[Result "1/2-1/2"]
[WhiteElo "2101"]
[BlackElo "2225"]
[PlyCount "132"]
[EventDate "2023.04.25"]
[EventType "swiss (blitz)"]
[EventRounds "11"]
[EventCountry "USA"]
[SourceTitle "EXT 2024"]
[Source "ChessBase"]
[SourceDate "2023.10.10"]
[SourceVersion "1"]
[SourceVersionDate "2023.10.10"]
[SourceQuality "1"]

1. d4 Nf6 2. Nf3 d5 3. c4 e6 4. Nc3 Be7 5. Bf4 0-0 6. e3 Nbd7 7. c5 Ne4 8. Bd3 f5 9. h4 c6 10. h5 h6 11. Ne5 Nxe5 12. Bxe5 Bf6 13. Bxf6 Qxf6 14. Qf3 e5 15. 0-0-0 exd4 16. exd4 Nxc3 17. bxc3 b6 18. cxb6 axb6 19. Rd2 Ba6 20. Bxa6 Rxa6 21. Re1 Rfa8 22. Kb1 f4 23. Qd3 Qf7 24. Qg6 Qa7 25. Ree2 Ra3 26. Qxc6 b5 27. Qxd5+ Kh8 28. Rc2 Rb8 29. Qc5 Qf7 30. Re7 Qf8 31. Qe5 b4 32. Rb2 Rxc3 33. Rxg7 Qxg7 34. Qxb8+ Qg8 35. Qxg8+ Kxg8 36. Rxb4 Rd3 37. Kc2 Ra3 38. Rb2 Kf7 39. Kd2 Kf6 40. Rb6+ Kg5 41. Rb5+ Kh4 42. d5 Rxa2+ 43. Kd3 Rxf2 44. d6 Rxg2 45. d7 Rg8 46. Rd5 Rd8 47. Ke4 Kg4 48. Rf5 Rxd7 49. Rxf4+ Kxh5 50. Kf3 Kg5 51. Ra4 h5 52. Kg3 Rd3+ 53. Kg2 h4 54. Kh2 Re3 55. Kg2 Re2+ 56. Kh3 Re5 57. Kh2 Rf5 58. Kh3 Rf3+ 59. Kh2 Rg3 60. Rb4 Rg4 61. Rxg4+ Kxg4 62. Kg2 h3+ 63. Kh2 Kh4 64. Kh1 Kg3 65. Kg1 h2+ 66. Kh1 Kh3 1/2-1/2

[Event "Titled Tuesday intern op 25th Apr Early"]
[Site "Chess.com INT"]
[Date "2023.04.25"]
[Round "7"]
[White "Lorenzo de la Riva, Lazaro"]
[Black "Orujov, Farid"]
[Result "1-0"]
[WhiteElo "2417"]
[BlackElo "2225"]
[PlyCount "53"]
[EventDate "2023.04.25"]
[EventType "swiss (blitz)"]
[EventRounds "11"]
[EventCountry "USA"]
[SourceTitle "EXT 2024"]
[Source "ChessBase"]
[SourceDate "2023.10.10"]
[SourceVersion "1"]
[SourceVersionDate "2023.10.10"]
[SourceQuality "1"]

1. e4 e5 2. Nc3 Nf6 3. g3 d5 4. exd5 Nxd5 5. Bg2 Be6 6. Nf3 Nc6 7. 0-0 Qd7 8. d4 Nxc3 9. bxc3 0-0-0 10. Rb1 exd4 11. Ne5 Qd6 12. Nxc6 bxc6 13. Bf4 Qc5 14. cxd4 Qxd4 15. Qe2 Qc4 16. Qe3 Bc5 17. Qf3 Bd6 18. Be3 a6 19. Rfd1 Kd7 20. Rd4 Qc3 21. Rbd1 Kc8 22. Qe2 Kd7 23. Bf4 Ke7 24. Bg5+ f6 25. Bh3 Be5 26. Qxe5 Rxd4 27. Rxd4 1-0

[Event "Titled Tuesday intern op 25th Apr Early"]
[Site "Chess.com INT"]
[Date "2023.04.25"]
[Round "11"]
[White "Orujov, Farid"]
[Black "Shvedova, Alexandra"]
[Result "1/2-1/2"]
[WhiteElo "2225"]
[BlackElo "2207"]
[PlyCount "115"]
[EventDate "2023.04.25"]
[EventType "swiss (blitz)"]
[EventRounds "11"]
[EventCountry "USA"]
[SourceTitle "EXT 2024"]
[Source "ChessBase"]
[SourceDate "2023.10.10"]
[SourceVersion "1"]
[SourceVersionDate "2023.10.10"]
[SourceQuality "1"]

1. e4 c5 2. Nf3 d6 3. d4 cxd4 4. Nxd4 Nf6 5. Nc3 a6 6. h3 e5 7. Nde2 h5 8. Bg5 Be6 9. Bxf6 Qxf6 10. Nd5 Qd8 11. Nec3 Nc6 12. Bc4 g6 13. 0-0 Bg7 14. Qd3 Nd4 15. Ne2 Nxe2+ 16. Qxe2 0-0 17. Bb3 Rc8 18. Rad1 b5 19. a4 bxa4 20. Bxa4 a5 21. Rd3 Rc4 22. Bb3 Rd4 23. Rfd1 Kh8 24. c3 Rxd3 25. Rxd3 Qb8 26. Qc2 f5 27. f3 fxe4 28. fxe4 Qa7+ 29. Kh2 Rf2 30. Qc1 Qf7 31. Rd2 Bh6 32. Rxf2 Bxc1 33. Rxf7 Bxf7 34. c4 Bxb2 35. Ba4 Kg7 36. Kg3 Bd4 37. Kf3 Be6 38. h4 Kf7 39. g3 Bg4+ 40. Kg2 Ke6 41. Nc7+ Ke7 42. Nb5 Bc5 43. Nc3 Kd8 44. Nd5 Be2 45. Bb5 Bd4 46. Nf6 Bc5 47. Nd5 Ba3 48. Nf6 Kc7 49. Nd5+ Kd8 50. Kf2 Bg4 51. Nf6 Be6 52. Ke3 Bc5+ 53. Kf3 Kc7 54. Nd5+ Kb7 55. Nf6 Bd4 56. Kg2 Bc5 57. Nd5 Bd4 58. Kf3 1/2-1/2